Datum a čas kvízu
28
Celkem bodů
Celkový počet nahraných bodů na tomto kvízu bez doplňovacích otázek.
4.
Pořadí na kvízu
Konečné umístění týmu na tomto kvízu.
Zaznamenané odpovědi
| # | Otázka | Odpověď | Body | Výsledky |
|---|---|---|---|---|
| 1. | V pondělí se málem naplnila sl... | Konrad | 0 | |
| 2. | Ve středu skončilo ruské refer... | do roku 2036 (uznáváme 2033 – 39) | 1 | |
| 3. | V pátek začala ve vybraných ki... | Tady Vary | 0 | |
| 4. | Do konce června museli čeští p... | Ivo Valenta | 0 | |
| 5. | Jak se jmenuje letošní vítěz č... | Sparta Praha | 1 | |
| 6. | Toto téma začneme poněkud netr... | Manželství na zkoušku/manželství na rok a den. | 1 | |
| 7. | Kromě Yoko Ono, i další manžel... | Ringo Starr | 1 | |
| 8. | Historicky první prezidentkou... | Perónovi, Argentina | 0.5 | |
| 9. | Slavná americká herečka Elizab... | Paul Newman | 1 | |
| 10. | Mysteriózní komediální americk... | 1D 2C 3A 4B | 1 |